000 00774nas a2200229 4500
001 BR9605710
003 BR-BrBNA
005 20231205095842.0
007 ta
008 230509b bl.|||p| |||| 00| 00por d
040 _aBR-BrBNA
_bpor
_cBiblioteca Nacional de Agricultura
041 _a(Pt)
072 _aL10
100 1 _aVeiga, L.A.
100 1 _aOliveira, A.T. de
245 1 _aUm caso de albinismo em Tacha (Chauna torquata, Oken)(Aves, Anseniformes)ocorrido na estacao ecologica do Taim, Rio Grande do Sul, Brasil
650 _aAve Selvagem
650 _aMutacao Hereditaria
773 0 _tRevista Brasileira de Zoologia (Brazil)
_xISSN 0101-8175
_g(Sep 1995), v. 12(3) p. 563-566
_wBR9605710
909 _a202311
_bLúcia
_c55
_dLúcia Elande
942 _2AGRIS
_n0
_cANA
999 _c153080
_d153080